Premier League 2022/23 Players by Name - L - Statistics

General Stats
  • This quiz has been taken 52 times
  • The average score is 15 of 27
Answer Stats
Club Nation Position Player % Correct
Tottenham Hotspur France GK Hugo Lloris
91%
Manchester United Sweden DF Victor Lindelof
88%
Manchester City Spain DF Aymeric Laporte
85%
Fulham Germany GK Bernd Leno
82%
West Ham United Argentina MF Manuel Lanzini
79%
Brighton & Hove Albion England MF Adam Lallana
70%
Aston Villa Brazil MF Douglas Luiz
70%
Newcastle United England DF Jamaal Lascelles
67%
Newcastle United Northern Ireland DF Jamal Lewis
67%
Bournemouth Colombia MF Jefferson Lerma
67%
Manchester City England DF Rico Lewis
67%
Newcastle United England MF Sean Longstaff
67%
Tottenham Hotspur France DF Clement Lenglet
64%
Wolves Gabon MF Mario Lemina
61%
Brighton & Hove Albion Ghana DF Tariq Lamptey
58%
Southampton Belgium MF Romeo Lavia
52%
Chelsea England MF Ruben Loftus-Cheek
52%
Nottingham Forest Brazil DF Renan Lodi
45%
Southampton Brazil DF Lyanco
42%
Crystal Palace Belgium MF Albert Sambi Lokonga
39%
Nottingham Forest England MF Jesse Lingard
33%
Fulham Serbia MF Sasa Lukic
33%
Everton England GK Andy Lonergan
27%
Brentford England FW Keane Lewis-Potter
27%
Southampton England DF Tino Livramento
27%
Southampton Spain DF Juan Larios
24%
Wolves England DF Dexter Lembikisa
6%
No matching quizzes found
Score Distribution
Percent of People with Each Score
Percentile by Number Answered
Your Score History
You have not taken this quiz